书目信息 |
| 题名: |
对外汉语教育学引论
|
|
| 作者: | 刘旬 | |
| 分册: | ||
| 出版信息: | 北京 北京语言大学出版社 36526 |
|
| 页数: | 422页 | |
| 开本: | 29cm | |
| 丛书名: | ||
| 单 册: | ||
| 中图分类: | H195.1 | |
| 科图分类: | ||
| 主题词: | 汉语--语言教学 | |
| 电子资源: | ||
| ISBN: | 7-5619-0874-1 | |
| 000 | 00514nam0 2200181 450 | |
| 001 | 0728815141 | |
| 005 | 20070819080015.14 | |
| 010 | @a7-5619-0874-1@d¥26.00 | |
| 100 | @a20070819d km y0chiy0120 ea | |
| 101 | 0 | @achi |
| 200 | 1 | @a对外汉语教育学引论@Adui wai han yu jiao yu xue yin lun@f刘旬@Fliu xun |
| 210 | @a北京@c北京语言大学出版社@d36526 | |
| 215 | @a422页@d29cm | |
| 606 | 0 | @a汉语@x语言教学 |
| 690 | @aH195.1@v3 | |
| 701 | 0 | @a刘旬@Aliu xun |
| 801 | 0 | @aCN@bPFT@c20070819 |
| 905 | @a213230@dH195.1@eZW27@f1 | |
| 对外汉语教育学引论/刘旬.-北京:北京语言大学出版社,36526 |
| 422页;29cm |
| ISBN 7-5619-0874-1:¥26.00 |
| ● |
| 相关链接 |
|
|
|
|
正题名:对外汉语教育学引论
索取号:H195.1/ZW27
 
预约/预借
| 序号 | 登录号 | 条形码 | 馆藏地/架位号 | 状态 | 备注 |
| 1 | 7604385 | 276043853 | 密集书库-文学院/ [索取号:H195.1/ZW27] | 在馆 |